[Event "59th POL-ch"]
[Site "Warsaw POL"]
[Date "2002.05.08"]
[Round "9"]
[White "Markowski, Tomasz"]
[Black "Bobras, Piotr"]
[Result "1-0"]
[WhiteElo "2538"]
[BlackElo "2435"]
[EventDate "2002.04.29"]
[PlyCount "87"]

1.g3 e5 2.c4 Nf6 3.Bg2 c6 4.Nc3 Bb4 5.e4 O-O 6.Nge2 d6 7.O-O Be6 8.d3 h6 
9.h3 Qd7 10.Kh2 d5 11.exd5 cxd5 12.f4 exf4 13.Nxf4 dxc4 14.Nxe6 fxe6 15.
dxc4 Qe7 16.Qc2 Nc6 17.Be3 Rad8 18.Ne4 Nxe4 19.Qxe4 Rxf1 20.Rxf1 Bd2 21.
Bg1 Bg5 22.Re1 Bf6 23.b3 Rd2 24.Re2 Rxe2 25.Qxe2 Qd7 26.Bf2 Kf7 27.Be4 Nd4
28.Qh5+ Kg8 29.Qd1 b6 30.Qd3 a5 31.Bg2 Kf7 32.Qe4 Kg8 33.Qa8+ Kf7 34.Qb8 
Bd8 35.Qa8 Qd6 36.Qe4 Bf6 37.Qb7+ Be7 38.Be4 Qb4 39.Qd7 Ne2 40.Bf3 Nc3 41.
Be1 a4 42.Bg4 axb3 43.Qxe6+ Ke8 44.Qg6+ 1-0

[Event "59th POL-ch"]
[Site "Warsaw POL"]
[Date "2002.05.08"]
[Round "9"]
[White "Stryjecki, Marek"]
[Black "Blehm, Pawel"]
[Result "0-1"]
[WhiteElo "2456"]
[BlackElo "2547"]
[EventDate "2002.04.29"]
[PlyCount "102"]

1.d4 Nf6 2.c4 g6 3.Nc3 Bg7 4.e4 O-O 5.f3 d6 6.Be3 a6 7.Qd2 Nbd7 8.Nh3 c5 
9.Nf2 cxd4 10.Bxd4 b6 11.Be2 Bb7 12.O-O Rc8 13.Rac1 e6 14.Be3 Ne8 15.b4 f5
16.Rfd1 Rf7 17.exf5 gxf5 18.Nh3 Be5 19.Nf4 Qh4 20.Bf1 Rg7 21.Qf2 Qe7 22.
Nh5 Rg6 23.Na4 d5 24.a3 a5 25.Nf4 Bxf4 26.Bxf4 axb4 27.cxd5 Rxc1 28.Bxc1 
Bxd5 29.Qe3 f4 30.Qd4 bxa3 31.Nc3 Bc6 32.Nb5 a2 33.Bb2 Qc5 34.Kh1 Qxd4 35.
Nxd4 Bd5 36.Ne2 Nc5 37.Nxf4 Rg5 38.Ra1 Bb3 39.h4 Rf5 40.Nd3 Nxd3 41.Bxd3 
Rf4 42.Rc1 Rxh4+ 43.Kg1 Ra4 44.Bb5 Ra8 45.Bxe8 Rxe8 46.Kf2 Rd8 47.Ke3 b5 
48.g4 Bc4 49.Bd4 Ra8 50.Bb2 Ra4 51.Bc3 Ra3 0-1

[Event "59th POL-ch"]
[Site "Warsaw POL"]
[Date "2002.05.08"]
[Round "9"]
[White "Tomczak, Rafal"]
[Black "Socko, Bartosz"]
[Result "1-0"]
[WhiteElo "2384"]
[BlackElo "2564"]
[EventDate "2002.04.29"]
[PlyCount "83"]

1.e4 e5 2.Nf3 Nc6 3.Bb5 a6 4.Ba4 Nf6 5.d4 exd4 6.O-O Be7 7.e5 Ne4 8.Nxd4 
O-O 9.Nf5 d5 10.Bxc6 bxc6 11.Nxe7+ Qxe7 12.Re1 Rb8 13.f3 Nc5 14.b3 Ne6 15.
Ba3 c5 16.Nc3 Rd8 17.Qd2 Bb7 18.Rad1 Kh8 19.Qf2 Bc6 20.f4 f5 21.exf6 Qxf6 
22.Bxc5 d4 23.Rxe6 Qxe6 24.Bxd4 Qf5 25.Re1 Re8 26.Be5 Ba8 27.Re3 Re6 28.
Ne2 Re7 29.Ng3 Qf8 30.f5 Rbe8 31.Qf4 Kg8 32.Nh5 Qf7 33.f6 Qd5 34.Qg4 Qe6 
35.Qe2 Qxe5 36.fxe7 Qd4 37.c3 Qc5 38.Kh1 Qf5 39.h3 g6 40.Qc4+ Kh8 41.Qd4+ 
Kg8 42.Qg7# 1-0

[Event "59th POL-ch"]
[Site "Warsaw POL"]
[Date "2002.05.09"]
[Round "10"]
[White "Blehm, Pawel"]
[Black "Kempinski, Robert"]
[Result "0-1"]
[WhiteElo "2547"]
[BlackElo "2570"]
[EventDate "2002.04.29"]
[PlyCount "90"]

1.e4 c5 2.Nf3 d6 3.d4 cxd4 4.Nxd4 Nf6 5.Nc3 a6 6.Be3 Ng4 7.Bg5 h6 8.Bh4 g5
9.Bg3 Bg7 10.Be2 h5 11.Bxg4 Bxg4 12.f3 Bd7 13.Bf2 Nc6 14.O-O e6 15.Nde2 
Qe7 16.Na4 Ne5 17.Nb6 Rd8 18.Bd4 Bc6 19.c4 Rg8 20.Nc3 g4 21.f4 h4 22.Re1 
g3 23.h3 Kf8 24.b4 Ng6 25.f5 Nf4 26.Rf1 Be5 27.b5 Qf6 28.Bxe5 dxe5 29.Qf3 
Qe7 30.bxc6 Qc5+ 31.Kh1 Qxb6 32.fxe6 bxc6 33.Rab1 Qa7 34.Rbd1 Rxd1 35.Qxd1
Qe7 36.Qd2 Rg6 37.exf7 Nxh3 38.Nd1 Nf4 39.Ne3 h3 40.Kg1 hxg2 41.Rxf4 exf4 
42.Nf5 Qxe4 43.Qd8+ Kxf7 44.Nd6+ Rxd6 45.Qxd6 Qxc4 0-1

[Event "59th POL-ch"]
[Site "Warsaw POL"]
[Date "2002.05.09"]
[Round "10"]
[White "Bobras, Piotr"]
[Black "Lagowski, Patryk"]
[Result "1-0"]
[WhiteElo "2435"]
[BlackElo "2321"]
[EventDate "2002.04.29"]
[PlyCount "105"]

1.e4 c5 2.Nf3 d6 3.d4 cxd4 4.Nxd4 Nf6 5.Nc3 a6 6.Bc4 e6 7.O-O b5 8.Bb3 Be7
9.Qf3 Qc7 10.Qg3 O-O 11.Bh6 Ne8 12.Rad1 Bd7 13.Nf3 Nc6 14.Bf4 b4 15.e5 
dxe5 16.Nxe5 Nxe5 17.Bxe5 Qb7 18.Ne4 Qxe4 19.Rxd7 Bf6 20.f4 g6 21.Qf3 Qxf3
22.Rxf3 a5 23.Rb7 Bg7 24.c3 a4 25.Bc2 bxc3 26.Rxc3 Nf6 27.Rc4 Rfc8 28.
Rxc8+ Rxc8 29.Rb8 Rxb8 30.Bxb8 Ng4 31.Ba7 Bxb2 32.Bxa4 Ba3 33.Bd4 Nh6 34.
Bc2 Kf8 35.Kf2 Ke7 36.h3 Nf5 37.Bxf5 gxf5 38.Be5 f6 39.Bd4 Bd6 40.Ke3 e5 
41.Bb6 Ba3 42.Kd3 Kd7 43.Kc4 Kc6 44.Be3 h5 45.Bd2 Bc5 46.Bc3 Bd6 47.a4 e4 
48.g3 Be7 49.Bd4 Bd8 50.Bc3 Be7 51.a5 Bd8 52.a6 Kb6 53.Ba5+ 1-0

[Event "59th POL-ch"]
[Site "Warsaw POL"]
[Date "2002.05.09"]
[Round "10"]
[White "Macieja, Bartlomiej"]
[Black "Bartel, Mateusz"]
[Result "1-0"]
[WhiteElo "2584"]
[BlackElo "2417"]
[EventDate "2002.04.29"]
[PlyCount "109"]

1.d4 f5 2.Nc3 d5 3.f3 Nf6 4.Bg5 c6 5.Qd2 Be6 6.O-O-O Nbd7 7.e3 h6 8.Bxf6 
Nxf6 9.Bd3 Qd7 10.h3 O-O-O 11.g4 g5 12.h4 Bg7 13.gxf5 Bxf5 14.hxg5 hxg5 
15.Nge2 g4 16.e4 Be6 17.exd5 Bxd5 18.Rxh8 Rxh8 19.fxg4 Nxg4 20.Nxd5 Qxd5 
21.Nc3 Qf7 22.Kb1 Nh2 23.Qg5 Qf6 24.Bf5+ Kd8 25.Qf4 Qd6 26.Qe3 Bh6 27.Qe2 
Rf8 28.Be4 Qg3 29.d5 c5 30.Qb5 Qc7 31.d6 exd6 32.Qe2 Bf4 33.Nd5 Qf7 34.
Nxf4 Qxf4 35.Bxb7 Nf1 36.a3 Ne3 37.Re1 Re8 38.Qa6 Nc4 39.Rxe8+ Kxe8 40.Bd5
Nb6 41.Qxa7 Nxd5 42.Qa8+ Kd7 43.Qxd5 Kc7 44.Ka2 Kb6 45.Qb3+ Kc7 46.c4 Qe4 
47.a4 Qa8 48.Qb5 Qa7 49.a5 Qa8 50.Qb6+ Kd7 51.a6 Qc6 52.Qa5 Qa8 53.a7 Kc6 
54.Qb5+ Kc7 55.Qa6 1-0

[Event "59th POL-ch"]
[Site "Warsaw POL"]
[Date "2002.05.09"]
[Round "10"]
[White "Socko, Bartosz"]
[Black "Cyborowski, Lukasz"]
[Result "1-0"]
[WhiteElo "2564"]
[BlackElo "2510"]
[EventDate "2002.04.29"]
[PlyCount "109"]

1.e4 c5 2.Nf3 Nc6 3.d4 cxd4 4.Nxd4 Nf6 5.Nc3 e5 6.Ndb5 d6 7.Bg5 a6 8.Na3 
b5 9.Nd5 Be7 10.Bxf6 Bxf6 11.c3 Bg5 12.Nc2 O-O 13.a4 bxa4 14.Rxa4 a5 15.
Bc4 Rb8 16.Ra2 Kh8 17.O-O f5 18.exf5 Bxf5 19.Nce3 Bg6 20.f3 Bf7 21.Qd3 
Bxe3+ 22.Nxe3 Bxc4 23.Qxc4 Qb6 24.Re1 Rf4 25.Qd5 Rbf8 26.Kh1 e4 27.Nc4 Qf2
28.Qd2 Qxd2 29.Nxd2 exf3 30.Nxf3 h6 31.h3 Rb8 32.Kg1 Rf5 33.Rd1 d5 34.Rd2 
Rb5 35.Ra1 Kg8 36.Re1 Kf7 37.Kf2 Rf4 38.Kg3 Rf5 39.Kg4 g6 40.Kg3 Rf6 41.
Red1 Rf5 42.Re2 Rf6 43.Rd3 Ne7 44.Kh2 Rb7 45.Rde3 Rfb6 46.Ne5+ Kg7 47.Nd3 
Ng8 48.Nc5 Rf7 49.Re8 Nf6 50.Ra8 Rb5 51.Ne6+ Kh7 52.Nd4 Rc5 53.Re6 Ne4 54.
Ree8 Ng5 55.h4 1-0

[Event "59th POL-ch"]
[Site "Warsaw POL"]
[Date "2002.05.10"]
[Round "11"]
[White "Bartel, Mateusz"]
[Black "Blehm, Pawel"]
[Result "1-0"]
[WhiteElo "2417"]
[BlackElo "2547"]
[EventDate "2002.04.29"]
[PlyCount "57"]

1.d4 Nf6 2.Nf3 g6 3.g3 Bg7 4.Bg2 O-O 5.O-O d6 6.a4 a5 7.Re1 Nbd7 8.e4 e5 
9.Nc3 Re8 10.h3 b6 11.Bg5 h6 12.Be3 Kh7 13.Qd2 exd4 14.Nxd4 Ne5 15.b3 Bxh3
16.Bxh3 c5 17.Bg2 cxd4 18.Bxd4 Nc6 19.Bxf6 Bxf6 20.Rad1 Re6 21.Nb5 Qe7 22.
Bh3 Re5 23.Qxd6 Rc5 24.Qxe7 Bxe7 25.c4 Na7 26.Nc3 Re5 27.Nd5 Bc5 28.Kg2 g5
29.f4 1-0

[Event "59th POL-ch"]
[Site "Warsaw POL"]
[Date "2002.05.10"]
[Round "11"]
[White "Kempinski, Robert"]
[Black "Markowski, Tomasz"]
[Result "1/2-1/2"]
[WhiteElo "2570"]
[BlackElo "2538"]
[EventDate "2002.04.29"]
[PlyCount "37"]

1.c4 c5 2.Nf3 g6 3.g3 Bg7 4.Bg2 Nc6 5.O-O e6 6.d3 Nge7 7.Nbd2 d6 8.Rb1 O-O
9.a3 a5 10.Ne4 h6 11.Nc3 Kh7 12.e4 Rb8 13.Be3 Nd4 14.Nb5 Nxb5 15.cxb5 Bd7 
16.a4 e5 17.Nd2 Be6 18.Nc4 b6 19.f4 1/2-1/2

[Event "59th POL-ch"]
[Site "Warsaw POL"]
[Date "2002.05.10"]
[Round "11"]
[White "Stryjecki, Marek"]
[Black "Bobras, Piotr"]
[Result "0-1"]
[WhiteElo "2456"]
[BlackElo "2435"]
[EventDate "2002.04.29"]
[PlyCount "70"]

1.d4 Nf6 2.c4 g6 3.Nc3 Bg7 4.e4 O-O 5.Bd3 d6 6.Nge2 c5 7.d5 e6 8.O-O exd5 
9.cxd5 a6 10.a4 Nbd7 11.f4 Re8 12.h3 h5 13.Re1 h4 14.Be3 Rb8 15.a5 b5 16.
axb6 Rxb6 17.Ra2 Rb4 18.Qd2 Nb6 19.Bf2 Nh5 20.Bxa6 Bxa6 21.Rxa6 Nc4 22.Qd3
Nxb2 23.Qf3 Nc4 24.Rea1 Nd2 25.Qd3 Nxe4 26.Ra8 Nxf2 27.Rxd8 Nxd3 28.Rxe8+ 
Kh7 29.Ra7 f5 30.Ree7 Kh6 31.Rad7 Ndxf4 32.Nxf4 Bd4+ 33.Kh2 Nxf4 34.Ne2 
Nxe2 35.Rxe2 Be5+ 0-1

[Event "59th POL-ch"]
[Site "Warsaw POL"]
[Date "2002.05.10"]
[Round "11"]
[White "Tomczak, Rafal"]
[Black "Grabarczyk, Miroslaw"]
[Result "0-1"]
[WhiteElo "2384"]
[BlackElo "2484"]
[EventDate "2002.04.29"]
[PlyCount "160"]

1.e4 e5 2.Nf3 Nc6 3.Bb5 Nf6 4.d4 exd4 5.O-O a6 6.Bxc6 dxc6 7.e5 Nd5 8.Nxd4
Bc5 9.Nb3 Ba7 10.Qe2 O-O 11.c4 Nb4 12.Nc3 Qd3 13.Rd1 Qxe2 14.Nxe2 Be6 15.
Nc3 Bg4 16.Rd2 Bf5 17.a3 Nd3 18.g4 Bg6 19.Re2 h5 20.Be3 Bxe3 21.Rxe3 hxg4 
22.Na5 Rfe8 23.Nxb7 Rab8 24.Na5 Rxb2 25.Nxc6 Rb6 26.Nd4 Rxe5 27.Nd5 Rd6 
28.Rd1 Rxe3 29.fxe3 Ne5 30.Ne7+ Kh7 31.c5 Rd8 32.Nxg6 Kxg6 33.Rb1 Rd5 34.
c6 Rc5 35.Rb7 Nf3+ 36.Nxf3 gxf3 37.Rxc7 Rc2 38.h4 f6 39.Ra7 Kh6 40.c7 a5 
41.Rxa5 Rxc7 42.Kf2 g6 43.Kxf3 Rc4 44.Ra8 f5 45.Rd8 Ra4 46.Rh8+ Kg7 47.Rd8
Rxh4 48.Ra8 Kf6 49.a4 Kg5 50.a5 Rh3+ 51.Kf2 Kg4 52.Ke2 Rh2+ 53.Kd3 Ra2 54.
a6 Kf3 55.a7 Ra4 56.Kc3 Ke2 57.Kc2 g5 58.Rg8 Rxa7 59.Rxg5 Rf7 60.Rg3 Rc7+ 
61.Kb3 Re7 62.Kc2 Rxe3 63.Rg2+ Kf3 64.Rg5 f4 65.Kd2 Re2+ 66.Kd1 Re8 67.Ra5
Kg3 68.Rg5+ Kf2 69.Rd5 f3 70.Rd7 Kf1 71.Kd2 Re2+ 72.Kd1 f2 73.Rg7 Re8 74.
Kd2 Rd8+ 75.Kc2 Rd5 76.Kc3 Ke1 77.Re7+ Kd1 78.Rf7 Rd2 79.Rf8 Ke1 80.Rf7 
Re2 0-1

[Event "59th POL-ch"]
[Site "Warsaw POL"]
[Date "2002.05.11"]
[Round "12"]
[White "Gdanski, Jacek"]
[Black "Lagowski, Patryk"]
[Result "1-0"]
[WhiteElo "2523"]
[BlackElo "2321"]
[EventDate "2002.04.29"]
[PlyCount "103"]

1.e4 c5 2.Nf3 d6 3.d4 cxd4 4.Nxd4 Nf6 5.Nc3 a6 6.Bc4 e6 7.Bb3 b5 8.O-O Be7
9.Be3 O-O 10.f4 b4 11.Na4 Qc7 12.f5 e5 13.Ne2 Nbd7 14.c3 Bb7 15.cxb4 Bxe4 
16.Nec3 Bc6 17.Nd5 Nxd5 18.Bxd5 Bxd5 19.Qxd5 Nf6 20.Qb3 d5 21.Bg5 Rad8 22.
Rac1 Qa7+ 23.Nc5 Rfe8 24.Rfd1 d4 25.Bxf6 Bxf6 26.Qd3 Bg5 27.Rc4 Qe7 28.Ne4
Be3+ 29.Kh1 Rb8 30.b3 Rb6 31.g3 Rh6 32.Rf1 Qb7 33.Kg2 Rb6 34.Rf3 h6 35.a3 
a5 36.Nc5 Qa8 37.bxa5 Qxa5 38.f6 g5 39.Qf5 Qd2+ 40.Kh3 h5 41.Rc2 g4+ 42.
Kh4 Bg5+ 43.Kxh5 Rxf6 44.Rxd2 Rxf5 45.Rxf5 Bxd2 46.Ne4 Bc1 47.Nf6+ Kf8 48.
Nxe8 e4 49.Nd6 e3 50.Rxf7+ Kg8 51.Kg6 Bxa3 52.Ne4 1-0

[Event "59th POL-ch"]
[Site "Warsaw POL"]
[Date "2002.05.11"]
[Round "12"]
[White "Stryjecki, Marek"]
[Black "Kempinski, Robert"]
[Result "0-1"]
[WhiteElo "2456"]
[BlackElo "2570"]
[EventDate "2002.04.29"]
[PlyCount "47"]

1.d4 Nf6 2.c4 g6 3.Nc3 Bg7 4.e4 O-O 5.Be3 c6 6.e5 Ne8 7.f4 d6 8.Nf3 Nd7 9.
h4 c5 10.h5 Qa5 11.hxg6 hxg6 12.Qe2 cxd4 13.Bxd4 dxe5 14.fxe5 Nc7 15.O-O-O
Re8 16.Qe4 Nc5 17.Qh4 Bf5 18.g4 g5 19.Qf2 Bxg4 20.Nxg5 f6 21.Qh4 Bf5 22.
Qh5 fxg5 23.Qxg5 Rf8 24.Be2 0-1

[Event "59th POL-ch"]
[Site "Warsaw POL"]
[Date "2002.05.12"]
[Round "13"]
[White "Bartel, Mateusz"]
[Black "Stryjecki, Marek"]
[Result "0-1"]
[WhiteElo "2417"]
[BlackElo "2456"]
[EventDate "2002.04.29"]
[PlyCount "80"]

1.d4 d5 2.Nf3 c6 3.e3 Bg4 4.c4 e6 5.Nc3 Nd7 6.Qb3 Qb6 7.Bd2 Ngf6 8.Bd3 Be7
9.O-O-O O-O 10.h3 Bxf3 11.gxf3 c5 12.Na4 Qc7 13.dxc5 Bxc5 14.Kb1 d4 15.Qc2
Rfd8 16.f4 e5 17.fxe5 Nxe5 18.Nxc5 Qxc5 19.exd4 Qxd4 20.Bxh7+ Nxh7 21.Ba5 
Qh4 22.Bxd8 Rxd8 23.Rxd8+ Qxd8 24.Rd1 Qc7 25.Qf5 Nf8 26.b3 Ne6 27.h4 Nc6 
28.h5 Ncd4 29.Qe4 Qc5 30.Qd5 b6 31.Kb2 a5 32.a3 Kf8 33.f4 Ke7 34.b4 axb4 
35.Qxc5+ bxc5 36.axb4 cxb4 37.c5 f5 38.Rg1 Kf7 39.Rc1 Ne2 40.Rc4 N2xf4 0-1

[Event "59th POL-ch"]
[Site "Warsaw POL"]
[Date "2002.05.12"]
[Round "13"]
[White "Cyborowski, Lukasz"]
[Black "Macieja, Bartlomiej"]
[Result "1/2-1/2"]
[WhiteElo "2510"]
[BlackElo "2584"]
[EventDate "2002.04.29"]
[PlyCount "59"]

1.c4 e5 2.Nc3 d6 3.Nf3 f5 4.d4 e4 5.Ng5 Be7 6.Nh3 c6 7.g3 Na6 8.Bg2 Nc7 9.
O-O d5 10.cxd5 Nxd5 11.f3 exf3 12.Bxf3 Ngf6 13.Nf4 Nxf4 14.Bxf4 Be6 15.e4 
fxe4 16.Nxe4 O-O 17.Nc5 Bxc5 18.dxc5 Qxd1 19.Bxd1 Bc4 20.Re1 Rfe8 21.Bc2 
Bd5 22.a3 Be4 23.Bb3+ Bd5 24.Bc2 Ne4 25.Bxe4 Bxe4 26.Re3 Bd5 27.Rae1 Rxe3 
28.Rxe3 Kf7 29.Bd6 Re8 30.Rxe8 1/2-1/2

[Event "59th POL-ch"]
[Site "Warsaw POL"]
[Date "2002.05.12"]
[Round "13"]
[White "Socko, Bartosz"]
[Black "Gdanski, Jacek"]
[Result "1-0"]
[WhiteElo "2564"]
[BlackElo "2523"]
[EventDate "2002.04.29"]
[PlyCount "67"]

1.e4 e6 2.d4 d5 3.Nc3 Nf6 4.e5 Nfd7 5.f4 c5 6.Nf3 a6 7.Ne2 Nc6 8.g3 cxd4 
9.Nfxd4 Nc5 10.Bg2 Be7 11.O-O Bd7 12.Be3 Qc7 13.c3 g6 14.Rc1 Rc8 15.b4 Na4
16.Nxc6 Bxc6 17.Nd4 Bd7 18.Rf2 O-O 19.Bf1 Nb6 20.Nb3 Bb5 21.Bxb5 axb5 22.
Qe2 Nc4 23.Bd4 Ra8 24.g4 Rfe8 25.Rcf1 Bf8 26.h4 Bg7 27.Nc5 Qe7 28.g5 h5 
29.gxh6 Bxh6 30.h5 Kh7 31.hxg6+ fxg6 32.Qg4 Qf7 33.Rh2 Qf5 34.Qg5 1-0

[Event "59th POL-ch"]
[Site "Warsaw POL"]
[Date "2002.05.12"]
[Round "13"]
[White "Tomczak, Rafal"]
[Black "Blehm, Pawel"]
[Result "0-1"]
[WhiteElo "2384"]
[BlackElo "2547"]
[EventDate "2002.04.29"]
[PlyCount "70"]

1.e4 c5 2.Nf3 d6 3.d4 cxd4 4.Nxd4 Nf6 5.Nc3 Bd7 6.Bg5 e6 7.Qd2 a6 8.O-O-O 
h6 9.Be3 Ng4 10.f4 Nxe3 11.Qxe3 Be7 12.Kb1 Nc6 13.e5 d5 14.Nb3 Qc7 15.Be2 
b5 16.Bf3 b4 17.Ne2 Rc8 18.Qd3 O-O 19.g4 a5 20.Nbd4 Nxd4 21.Nxd4 f6 22.h4 
fxe5 23.fxe5 Bc5 24.Nf5 Ba4 25.b3 Be8 26.Rhe1 Kh8 27.Nd6 Bxd6 28.exd6 Qxd6
29.Qe2 Qc5 30.h5 Bb5 31.Qg2 Qc3 32.Be2 a4 33.bxa4 Qxc2+ 34.Ka1 Bc4 35.Bf1 
Rf2 0-1